Statistics for DCI Corps Cities

Click here to take the quiz!

General Stats

  • This quiz has been taken 12 times
  • The average score is 14 of 22

Answer Stats

HintAnswer% Correct
_____ CrusadersBoston, MA
100%
Spirit of _____Atlanta, GA
88%
BluecoatsCanton, OH
88%
________ ScoutsMadison, WI
88%
_____ _____ VanguardSanta Clara, CA
88%
_______ CascadesSeattle, WA
88%
Phantom RegimentRockford, IL
75%
Blue DevilsConcord, CA
63%
Blue KnightsDenver, CO
63%
Music CityNashville, TN
63%
MandarinsSacramento, CA
63%
CrossmenSan Antonio, TX
63%
The AcademyTempe, AZ
63%
GenesisAustin, TX
50%
TroopersCasper, WY
50%
CrownFort Mill, SC
50%
The CavaliersRosemont, IL
50%
Pacific CrestDiamond Bar, CA
38%
ColtsDubuque, IA
38%
Blue StarsLa Crosse, WI
38%
Jersey SurfCamden County, NJ
25%
The CadetsErie, PA
25%

Score Distribution

Percentile by Number Answered

Percent of People with Each Score

Your Score History

You have not taken this quiz